000
00313nam a2200145Ia 4500
100
_a
Marshall/A
650
_a
Economics
942
_c
BK
654
_a
Principles Of Economic
245
_a
Principles Of Economic
260
_b
Mac Millian
_a
London
_c
1982
082
_a
331
300
_a
731
546
_a
ENGLISH
999
_c
33562
_d
33562